000 00419nam a2200181Ia 4500
001 9434
005 20260306161718.0
008 260306t2006||||xx |||||||||||||| ||spa||
041 _aESP
082 _a379
_bB42
100 _aBenavides, Martín
_eAUT
245 0 _aInvestigación y política educativa en el Perú
260 _c2006
300 _a
_c
650 _aGEN
654 _aCED
942 _cLIB
_dJUS
_fJUS
_2ddc
_n
999 _c9434
_d9434